Statistiche per Quiz sul Liechtenstein

Clicka qui per fare il quiz!

Statistiche generali

  • Questo quiz è stato fatto 727 volte
  • Il punteggio medio è 9 su 15

Statistiche sulle risposte

DomandaRisposta% Corretto
Paesi confinantiSvizzera
97%
Paesi confinantiAustria
96%
Lingua ufficialeTedesco
95%
CapitaleVaduz
95%
Catena montuosa in cui si trova il LiechtensteinAlpi
87%
Hanno ottenuto il diritto di voto nel 1984Donne
86%
ValutaFranco svizzero
67%
Fiume che costituisce il confine occidentale del LiechtensteinReno
57%
Titolo del sovranoPrincipe
53%
Il Liechtenstein è il secondo paese al mondo per ________, il primo è MonacoRicchezza
53%
Il monarca del Liechtenstein ha il potere di ____ su qualsiasi argomentoVeto
52%
Impero di cui il Liechtenstein faceva parte fino al 1805Sacro Romano Impero
51%
Municipalità più popolosaSchaan
22%
Attuale sovranoGiovanni Adamo II
20%
Saluto informale tipico del paeseHoi
16%

Distribuzione punteggi

Percentile per numero di risposta

Percentuale di utenti per punteggio

I tuoi punteggi nel tempo

Non hai fatto questo quiz